01054 a2200169 45000010006000000050017000060080041000230030015000640400040000790800102001192450032002212640035002533000019002885050534003071000024008417000019008655494520260407155824.0260407a1968 arg spa dAR-UNSa-BCEJYS aAR-UNSa-BCEJYSbspacAR-UNSa-BCEJYS a376xEducación, formación y enseñanza de grupos especiales de personas. Escuelas especiales10aLa revolución académica 1aBuenos Aires :bPaidósc1968 a605 p.c23 cm. aI. La revolución académica en perspectiva - II. La guerra entre las generaciones - III. Estratificación social y educación superior masiva - IV. Nacionalismo versus localismo - V. Las escuelas profesionales - VI. Los intereses de clase y la controversia "público-privado" - VII. Feminismo,masculinismo y coeducación - VIII. Las iglesias protestantes y sus colleges - IX. Los católicos y sus colleges - X. Los negros y sus colleges - XI. Los colleges antiuniversitarios - XII. La reforma de las escuelas de graduados1 aJencks, Christopher1 aRiesman, David